Načítá se...

കാറ്റ് തേടുന്ന പായ്‌വഞ്ചികൾ /

Podrobná bibliografie
Hlavní autor: Harikumar,B
Médium: Printed Book
Jazyk:Malayalam
Vydáno: Calicut: Neelambari, 2013.
Témata:
LEADER 00733nam a22001697a 4500
008 160419b xxu||||| |||| 00| 0 mal d
999 |c 234582  |d 234582 
082 |a 853.4H1 KAT 
100 |a Harikumar,B. 
245 |a കാറ്റ് തേടുന്ന പായ്‌വഞ്ചികൾ /  |c Harikumar,B. 
260 |a Calicut:  |b Neelambari,  |c 2013. 
300 |b 65p. 
650 |a Novel 
942 |c BK 
246 |a Kattu thedunna payvanchikal/ 
952 |0 0  |1 0  |4 0  |6 853_000000000000000_4H1_KAT  |7 0  |9 260233  |a MAL  |b MAL  |c ST1  |d 2016-04-19  |g 60.00  |l 0  |o 853.4H1 KAT  |p MAL38606  |r 2016-04-19  |w 2016-04-19  |y BK 
952 |0 0  |1 0  |4 0  |6 853_000000000000000_4H1_KAT  |7 0  |9 260234  |a MAL  |b MAL  |c ST1  |d 2016-04-19  |g 60.00  |l 0  |o 853.4H1 KAT  |p MAL38607  |r 2016-04-19  |w 2016-04-19  |y BK